Central Library OPAC University of Rajshahi

The real book of highwaymen / (Record no. 6315)

MARC details
000 -LEADER
fixed length control field 00785nam a22002532 4500
001 - CONTROL NUMBER
control field 6315
003 - CONTROL NUMBER IDENTIFIER
rucl marc code BD-RjUL
005 - DATE AND TIME OF LATEST TRANSACTION
control field 20211208234225.0
008 - FIXED-LENGTH DATA ELEMENTS--GENERAL INFORMATION
fixed length control field 140109s1963 enko j b 001 0 eng d
035 ## - SYSTEM CONTROL NUMBER
System control number (BD-RjUL)6355
-- OCLC ocm30213780 from D980223M
040 ## - CATALOGING SOURCE
Original cataloging agency UKM
Transcribing agency UKM
Modifying agency EQO
Language of cataloging eng
041 ## - LANGUAGE CODE
Language code of text/sound track or separate title eng
082 04 - DEWEY DECIMAL CLASSIFICATION NUMBER
Classification number 364.155
Edition number 18
Author mark and year PRR 1963
100 1# - MAIN ENTRY--PERSONAL NAME
Personal name Pringle, Patrick.
9 (RLIN) 19880
245 14 - TITLE STATEMENT
Title The real book of highwaymen /
Statement of responsibility, etc. illustrated by Michael Godfrey.
260 ## - PUBLICATION, DISTRIBUTION, ETC. (IMPRINT)
Name of publisher, distributor, etc. London :
Date of publication, distribution, etc. 1963.
Place of publication, distribution, etc. Dennis Dobson,
300 ## - PHYSICAL DESCRIPTION
Pagination 192 p. :
Illustrations ill. ;
Size 21 cm.
500 ## - GENERAL NOTE
General note For children.
504 ## - BIBLIOGRAPHY, ETC. NOTE
Bibliography, etc Includes bibliography and index.
650 ## - SUBJECT ADDED ENTRY--TOPICAL TERM
Topical term or geographic name as entry element Brigands and robbers
General subdivision Juvenile literature
9 (RLIN) 153755
Topical term or geographic name as entry element Brigands and robbers
9 (RLIN) 153756
830 #0 - SERIES ADDED ENTRY--UNIFORM TITLE
Uniform title Real books
942 ## - ADDED ENTRY ELEMENTS (KOHA)
Source of classification or shelving scheme Dewey Decimal Classification
Koha item type Books
Holdings
Lost status Source of classification or shelving scheme Damaged status Not for loan Collection code Permanent Location Current Location Shelving location Date acquired Source of acquisition Cost, normal purchase price Total Checkouts Full call number Date last seen Copy number Koha item type
  Dewey Decimal Classification     Non-fiction Central Library, University of Rajshahi Central Library, University of Rajshahi   15/03/1966 Zeithlinger. 0.00   364.155 PRR 1963 09/01/2014 C-2 Books
  Dewey Decimal Classification     Non-fiction Central Library, University of Rajshahi Central Library, University of Rajshahi   15/03/1966 Zeitlinger     364.155 PRR 1963 28/08/2016 C-3 Books